000 003480000a22001570004500
003 MACL
040 _aMACL
090 _c5310
_d5309
100 _aThipperudraswamy, H.
245 _aBasaveshwara
_bMakers Of Indian Literature
260 _bSahitya Akademi
_c1991
350 _a10
650 _aLiterature
942 _cBOOK
_k891
951 _o891 BOOK
999 _c5269
_d5269